000 00230nmm a2200085Ia 4500
008 220120s9999||||xx |||||||||||||||||und||
100 _aDigit
245 0 _aNexuiz ; GTR Multimedia, celestia respiratory Adobe premiere
260 _c2006
999 _c138604
_d138604